000
00236nam a22000977a 4500
082
_a
364
100
_a
Kumar, Uday
_9
76910
245
_a
naxalite MoveMent : ABiggest Challenge to The Internal Security
650
_a
364
_9
80833
942
_c
BK
999
_c
64072
_d
64072